[Event "Preinscritos IRT Online"]
[Site "Chess.com INT"]
[Date "2020.12.26"]
[Round "9"]
[White "Correa Luzuriaga, Cesar Eduardo"]
[Black "Krishan Rani, Tanish Aditya"]
[Result "1-0"]
[WhiteElo "1364"]
[BlackElo "1159"]
[PlyCount "25"]
[EventDate "2020.12.26"]
[EventType "swiss"]
[EventRounds "11"]
[EventCountry "ECU"]
[SourceTitle "CBM 200 Extra"]
[Source "ChessBase"]
[SourceDate "2021.03.31"]
[SourceVersion "1"]
[SourceVersionDate "2021.03.31"]
[SourceQuality "1"]

1. e4 e5 2. Nf3 Nc6 3. d4 exd4 4. Bc4 Bb4+ 5. c3 dxc3 6. Nxc3 Nge7 7. 0-0 d6 8. Bg5 Be6 9. Nd5 Bc5 10. Bb5 0-0 11. Bxc6 bxc6 12. Bxe7 Qxe7 13. Nxe7+ 1-0

[Event "Preinscritos IRT Online"]
[Site "Chess.com INT"]
[Date "2020.12.26"]
[Round "4"]
[White "Guerrero Cajeca, Matias Israel"]
[Black "Correa Luzuriaga, Cesar Eduardo"]
[Result "1-0"]
[WhiteElo "1908"]
[BlackElo "1364"]
[PlyCount "71"]
[EventDate "2020.12.26"]
[EventType "swiss"]
[EventRounds "11"]
[EventCountry "ECU"]
[SourceTitle "CBM 200 Extra"]
[Source "ChessBase"]
[SourceDate "2021.03.31"]
[SourceVersion "1"]
[SourceVersionDate "2021.03.31"]
[SourceQuality "1"]

1. g3 Nf6 2. Bg2 e6 3. c4 d5 4. cxd5 exd5 5. Nc3 c6 6. d3 Bb4 7. a3 Ba5 8. b4 Bb6 9. Bg5 Nbd7 10. Nf3 0-0 11. 0-0 Qc7 12. Rc1 c5 13. bxc5 Bxc5 14. Na4 Ng4 15. d4 Qa5 16. Nxc5 Nxc5 17. Rxc5 Qxa3 18. Be7 Re8 19. Bd6 Rd8 20. Rxc8 Qxd6 21. Rxd8+ Rxd8 22. e3 f6 23. Qb3 g5 24. Ne1 h5 25. Nd3 h4 26. Rc1 b6 27. Qb5 Kg7 28. Rc6 Qd7 29. Nb4 Rh8 30. Nxd5 hxg3 31. hxg3 Rc8 32. Nb4 Rh8 33. Qd5 Qe8 34. Rc7+ Kg6 35. Be4+ Kh5 36. Qf5 1-0